Невероятная и грустная история о простодушной Эрендире и ее жестокосердной бабушке (Запись № 11566026)

Подробности
000 -МАРКЕР
контрольное поле 01811nam0a2200325 4500
001 - ИДЕНТИФИКАТОР ЗАПИСИ
контрольное поле RU\NLR\BIBL_A\011412673
005 - ИДЕНТИФИКАТОР ВЕРСИИ
контрольное поле 20260406124827.0
010 ## - МЕЖДУНАРОДНЫЙ СТАНДАРТНЫЙ НОМЕР КНИГИ (ISBN)
Номер (ISBN) 9785171032418
Тираж 7000
021 ## - НОМЕР ГОСУДАРСТВЕННОЙ РЕГИСТРАЦИИ
Код страны Российская Федерация
Номер 2017-37544
Номер Листа государственной регистраци 2745
035 ## - ДРУГИЕ СИСТЕМНЫЕ НОМЕРА
Идентификатор записи (RuMoRGB)008892897
035 ## - ДРУГИЕ СИСТЕМНЫЕ НОМЕРА
Идентификатор записи (NLR Aleph) 011412673
100 ## - ДАННЫЕ ОБЩЕЙ ОБРАБОТКИ
Данные общей обработки 20170622d2017 u y0rusy50 ca
101 1# - ЯЗЫК РЕСУРСА
Язык текста, звукозаписи и т.д. русский
Язык оригинала испанский, кастильский испанский
102 ## - СТРАНА ПУБЛИКАЦИИ ИЛИ ПРОИЗВОДСТВА
Страна публикации Российская Федерация
105 ## - ПОЛЕ КОДИРОВАННЫХ ДАННЫХ: ТЕКСТОВЫЕ МАТЕРИАЛЫ, МОНОГРАФИЧЕСКИЕ
Кодированные данные о монографическом текстовом документе y zzzz||000ay
200 1# - ЗАГЛАВИЕ И СВЕДЕНИЯ ОБ ОТВЕТСТВЕННОСТИ
Основное заглавие Невероятная и грустная история о простодушной Эрендире и ее жестокосердной бабушке
Сведения, относящиеся к заглавию [сборник
-- перевод с испанского]
Первые сведения об ответственности Габриэль Гарсиа Маркес
210 ## - ПУБЛИКАЦИЯ, РАСПРОСТРАНЕНИЕ И ДР.
Место издания, распространения и т.д. Москва
Имя издателя, распространителя и т. д. АСТ
Дата издания, распространения и т.д. 2017
215 ## - ФИЗИЧЕСКАЯ ХАРАКТЕРИСТИКА
Специфическое обозначение материала и объем 157, [2] с.
Размеры 18
225 1# - СЕРИЯ
Основное заглавие серии Книги, изменившие мир. Писатели, объединившие поколения
225 1# - СЕРИЯ
Основное заглавие серии Эксклюзивная классика
327 1# - ПРИМЕЧАНИЯ О СОДЕРЖАНИИ
Текст примечания Содерж.: Старый-престарый сеньор с преогромными крыльями; Море исчезающих времен; Самый красивый утопленник в мире; Постоянство смерти и любовь; Последнее плавание корабля-призрака; Блакаман Добрый, продавец чудес; Невероятная и грустная история о простодушной Эрендире и ее жестокосердой бабушке
333 ## - ПРИМЕЧАНИЯ ОБ ОСОБЕННОСТЯХ РАСПРОСТРАНЕНИЯ И ИСПОЛЬЗОВАНИЯ
Текст примечания 16+
686 ## - ИНДЕКСЫ ДРУГИХ КЛАССИФИКАЦИЙ
Индекс Ш5(7Кл)62-644
Код системы
686 1# - ИНДЕКСЫ ДРУГИХ КЛАССИФИКАЦИЙ
Индекс Ш6(7Кл)07-440.4{Лх1820}
700 #1 - ИМЯ ЛИЦА - ПЕРВИЧНАЯ ОТВЕТСТВЕННОСТЬ
Материалы, к которым относится поле rus
Графика поля Кириллица
Начальный элемент ввода Гарсиа Маркес
Часть имени, кроме начального элемента ввода Г.
Даты 1928-2014
Расширение инициалов личного имени Габриэль
Идентификатор авторитетной/нормативной записи RU\NLR\AUTH\771267
Системный номер авторитетной/нормативной записи 111295
942 ## - ДОПОЛНИТЕЛЬНЫЕ ЭЛЕМЕНТЫ ЗАПИСИ (АБИС)
Тип экземпляра АБИС Книга
980 ## - КОЛЛЕКЦИЯ
Название коллекции НБР

Нет доступных экземпляров.